| 000 | 00384nam a2200145 a 4500 | ||
|---|---|---|---|
| 005 | 20140412111325.0 | ||
| 008 | 110128s19uu xx 00 eng d | ||
| 020 | _a0-7105-0466-7 | ||
| 050 |
_aM 808.83 _bFa15 19-- |
||
| 100 | _aPatience, John | ||
| 245 |
_aA Fairy Tale Treasure Trove / _cJohn Patience. |
||
| 260 |
_aEngland : _bPeter Haddock. |
||
| 300 | _a157p. | ||
| 999 |
_c104597 _d104597 |
||